[Event "10th Gashimov Mem Blitz"]
[Site "Shusha AZE"]
[Date "2024.09.28"]
[Round "13.4"]
[White "Rapport, Richard"]
[Black "Abdusattorov, Nodirbek"]
[Result "0-1"]
[WhiteTitle "GM"]
[BlackTitle "GM"]
[WhiteElo "2715"]
[BlackElo "2766"]
[WhiteFideId "738590"]
[BlackFideId "14204118"]
[EventDate "2024.09.28"]

1. e4 c6 2. d3 d5 3. Nd2 g6 4. Ngf3 Bg7 5. g3 Nf6 6. Bg2 O-O 7. O-O Qc7 8. e5
Ng4 9. d4 f6 10. h3 Nh6 11. Re1 Nf7 12. exf6 Bxf6 13. Nf1 Nd7 14. N1h2 e5 15.
Nxe5 Ndxe5 16. Bf4 Bd7 17. dxe5 Bxe5 18. Bxe5 Nxe5 19. Qd4 Rfe8 20. Rad1 Bf5 21.
Rd2 Re7 22. g4 Be4 23. f3 Bxf3 24. Bxf3 Nxf3+ 25. Nxf3 Qg3+ 26. Rg2 Rxe1+ 27.
Nxe1 Qxe1+ 28. Kh2 Re8 29. Qxa7 Qe5+ 30. Rg3 Qf4 31. Qg1 Re2+ 0-1

[Event "10th Gashimov Mem Blitz"]
[Site "Shusha AZE"]
[Date "2024.09.28"]
[Round "14.1"]
[White "Mamedyarov, Shakhriyar"]
[Black "Rapport, Richard"]
[Result "0-1"]
[WhiteTitle "GM"]
[BlackTitle "GM"]
[WhiteElo "2733"]
[BlackElo "2715"]
[WhiteFideId "13401319"]
[BlackFideId "738590"]
[EventDate "2024.09.28"]

1. d4 d5 2. c4 c6 3. Nf3 Nf6 4. Nc3 dxc4 5. a4 Bf5 6. Ne5 Nbd7 7. Nxc4 Nb6 8.
Ne5 a5 9. h4 h6 10. f3 e6 11. e4 Bh7 12. Be3 Bb4 13. Be2 Nfd7 14. Nd3 Nc4 15.
Bc1 Bd6 16. b3 Bg3+ 17. Kf1 Nd6 18. Ba3 f5 19. Rh3 fxe4 20. Rxg3 Nf5 21. Nxe4
Nf6 22. Rxg7 Nxe4 23. fxe4 Nxg7 24. Bh5+ Kd7 25. Qg4 Qf6+ 26. Ke2 Rag8 27. Ne5+
Kc8 28. Rf1 Nf5 29. Qf4 Ng3+ 30. Qxg3 Qxf1+ 31. Kxf1 Rxg3 32. Bf3 Rd8 33. Bc5
Kc7 34. Nc4 b5 35. Bb6+ Kc8 36. Nxa5 Rf8 37. Kf2 Rgxf3+ 38. gxf3 Bxe4 0-1

[Event "10th Gashimov Mem Blitz"]
[Site "Shusha AZE"]
[Date "2024.09.28"]
[Round "14.2"]
[White "Abdusattorov, Nodirbek"]
[Black "Mamedov, Rauf"]
[Result "1/2-1/2"]
[WhiteTitle "GM"]
[BlackTitle "GM"]
[WhiteElo "2766"]
[BlackElo "2637"]
[WhiteFideId "14204118"]
[BlackFideId "13401653"]
[EventDate "2024.09.28"]

1. e4 c5 2. Nf3 g6 3. c3 d5 4. e5 a6 5. d4 cxd4 6. cxd4 Bg4 7. Be2 Bxf3 8. Bxf3
e6 9. O-O Nc6 10. Nc3 Nge7 11. Bg5 Bg7 12. g4 h6 13. Be3 h5 14. h3 hxg4 15. hxg4
g5 16. Bxg5 Qb6 17. Ne2 O-O-O 18. Qb3 Qxb3 19. axb3 Rdg8 20. Kg2 Kd7 21. Rh1 Ng6
22. Rad1 Na5 23. Nc1 Nc6 24. Rxh8 Rxh8 25. Be3 b6 26. Nd3 a5 27. Kg3 Bf8 28. Be2
Be7 29. f4 Bh4+ 30. Kg2 Bd8 31. Ne1 Nb4 32. Bb5+ Kc7 33. Rc1+ Kb7 34. Nf3 Rg8
35. Kg3 Ne7 36. Kh3 Rh8+ 37. Kg2 Rg8 38. Ng5 Rg7 39. Kf3 Nec6 40. Nh3 Rh7 41.
Nf2 Na7 42. Be2 Nac6 43. f5 Rh2 44. Kg3 Rh8 45. Nd3 Nxd3 46. Bxd3 Bh4+ 47. Kf3
Bd8 48. Kg3 Bh4+ 49. Kg2 Rg8 50. Bb5 Nxd4 51. Kh3 Bg5 52. Bxg5 Rxg5 53. Kh4 Nf3+
54. Kg3 Nxe5 55. Kf4 f6 56. fxe6 Ng6+ 57. Kg3 Re5 58. Bc6+ Ka6 59. Bd7 Nf8 60.
Bc8+ Kb5 61. Bd7+ Kb4 62. Rc6 b5 63. Rb6 Kxb3 64. Rxb5+ Kc4 65. Rb6 d4 66. Kf3
d3 67. Rd6 Kc5 68. Rxd3 Nxe6 69. Bxe6 Rxe6 70. Kf4 Kc4 71. Rc3+ Kb4 72. Kf5 Re2
73. Kxf6 Rxb2 74. Rc8 Rf2+ 75. Ke6 Rg2 76. Kf5 a4 77. Rb8+ Kc3 78. Ra8 Kb3 79.
g5 a3 80. Kf6 a2 81. g6 Kb2 82. Rxa2+ Kxa2 83. g7 Rxg7 84. Kxg7 1/2-1/2

[Event "10th Gashimov Mem Blitz"]
[Site "Shusha AZE"]
[Date "2024.09.28"]
[Round "14.3"]
[White "Artemiev, Vladislav"]
[Black "Aravindh, Chithambaram VR."]
[Result "0-1"]
[WhiteTitle "GM"]
[BlackTitle "GM"]
[WhiteElo "2701"]
[BlackElo "2698"]
[WhiteFideId "24101605"]
[BlackFideId "5072786"]
[EventDate "2024.09.28"]

1. d4 Nf6 2. Nf3 g6 3. g3 Bg7 4. Bg2 O-O 5. O-O d5 6. c4 dxc4 7. Na3 Nc6 8. Nxc4
Be6 9. b3 a5 10. a4 Ne4 11. Bb2 Nb4 12. e3 c5 13. Qe2 cxd4 14. Nxd4 Bxc4 15.
bxc4 Nc5 16. Rfd1 Qb6 17. Nb5 Bxb2 18. Qxb2 Rad8 19. Qe5 e6 20. h4 f6 21. Qf4
Kg7 22. h5 Nbd3 23. h6+ Kf7 24. Qf3 Ke7 25. Nd4 e5 26. Nb5 e4 27. Qe2 f5 28.
Rdb1 Nb4 29. Nc3 Qf6 30. Nd5+ Nxd5 31. cxd5 Rxd5 32. Qb5 Rfd8 33. Qxa5 R8d7 34.
Qa8 Qf8 35. Qa5 Qf6 36. Qb4 Qd6 37. Bf1 Nd3 38. Qc3 Qe5 39. Qc8 Nc5 40. Qg8 Kf6
41. Rb6+ Kg5 42. Rc1 Nd3 43. Rc2 Ne1 44. Re2 Nf3+ 45. Kg2 Rd1 46. Qb3 Rxf1 47.
Kxf1 Qa1+ 48. Qb1 Rd1+ 0-1

[Event "10th Gashimov Mem Blitz"]
[Site "Shusha AZE"]
[Date "2024.09.28"]
[Round "14.4"]
[White "Nepomniachtchi, Ian"]
[Black "Suleymanli, Aydin"]
[Result "1-0"]
[WhiteTitle "GM"]
[BlackTitle "GM"]
[WhiteElo "2755"]
[BlackElo "2632"]
[WhiteFideId "4168119"]
[BlackFideId "13413937"]
[EventDate "2024.09.28"]

1. e4 e5 2. Nf3 Nc6 3. Bb5 a6 4. Ba4 Nf6 5. O-O Be7 6. d3 b5 7. Bb3 d6 8. a3 Na5
9. Ba2 c5 10. Bg5 Be6 11. Nc3 O-O 12. Bxf6 Bxf6 13. Nd5 Nc6 14. c3 a5 15. a4 b4
16. Qd2 g6 17. Bc4 Bg7 18. Ng5 Bd7 19. h4 h6 20. Nf3 Bg4 21. Nh2 Be6 22. h5 Kh7
23. g3 Ra7 24. Kg2 Qc8 25. Rh1 Bh3+ 26. Kg1 f5 27. hxg6+ Kxg6 28. Nf3 fxe4 29.
Nh4+ Kh7 30. dxe4 Bg4 31. Ne3 Rf6 32. Nhf5 Bf3 33. Rh4 Ne7 34. Nxe7 Rxe7 35. Nf5
Rxf5 36. exf5 Qxf5 37. Qxd6 Rd7 38. Be6 Rxd6 39. Bxf5+ Kg8 40. Be4 Be2 41. cxb4
cxb4 42. Rc1 Rd2 43. Rc2 Rd1+ 44. Kg2 Bf1+ 45. Kh2 b3 46. Rc8+ Kf7 47. Rc7+ Kf8
48. Rg4 Bf6 49. Rg6 Be7 50. Rxh6 Rd2 51. Rh8+ 1-0